| 000 | 00471nam a2200181Ia 4500 | ||
|---|---|---|---|
| 008 | 230917s9999||||xx |||||||||||||| ||und|| | ||
| 020 | _cRS325 | ||
| 040 |
_e222301 _aMAIN |
||
| 041 | _aEnglish | ||
| 082 | _a005.1 M29F(4) | ||
| 100 | _aMall, Rajib | ||
| 245 | 0 | _aFundamentals of software engineering | |
| 250 | _a4th ed. | ||
| 260 |
_aDelhi _bPHI Learning _c2014 |
||
| 300 | _axxii, 534 p. | ||
| 500 | _a1812 09/01/2015 HBD6390 13/03/2015 Main Budget | ||
| 942 | _cBK | ||
| 999 |
_c13511 _d13511 |
||